000150281 001__ 150281
000150281 005__ 20251017144646.0
000150281 0248_ $$2sideral$$a142483
000150281 037__ $$aART-1997-142483
000150281 041__ $$aspa
000150281 100__ $$0(orcid)0000-0003-3459-5965$$aPallarés Jiménez, Miguel Ángel
000150281 245__ $$aUna pieza incompleta de Lope de Yanguas conservada en el Archivo notarial de Zaragoza
000150281 260__ $$c1997
000150281 5060_ $$aAccess copy available to the general public$$fUnrestricted
000150281 540__ $$9info:eu-repo/semantics/openAccess$$aAll rights reserved$$uhttp://www.europeana.eu/rights/rr-f/
000150281 655_4 $$ainfo:eu-repo/semantics/article$$vinfo:eu-repo/semantics/publishedVersion
000150281 773__ $$g13 (1997), 417-447$$pEpos$$tEpos$$x0213-201X
000150281 8564_ $$s1032124$$uhttps://zaguan.unizar.es/record/150281/files/texto_completo.pdf$$yVersión publicada
000150281 8564_ $$s849614$$uhttps://zaguan.unizar.es/record/150281/files/texto_completo.jpg?subformat=icon$$xicon$$yVersión publicada
000150281 909CO $$ooai:zaguan.unizar.es:150281$$particulos$$pdriver
000150281 951__ $$a2025-10-17-14:34:06
000150281 980__ $$aARTICLE